000 00287nam a22001337a 4500
008 170605b xxu||||| |||| 00| 0 eng d
020 _a9780801847332
041 _aeng
080 _a94
100 _a18
101 _aSHH
245 _aHISTORY FROM CRIME
_cMUIR.E
942 _2udc
_cBK
999 _c15855
_d15855